000 00673nam a2200229 i 4500
001 C2-0223770
003 PPAK
005 20180728152528.0
008 000306s1974 my |||| ||||| | may d
040 _aPPAK
_beng
_cPPAK
_erda
082 0 4 _a297.122
_223
090 0 0 _a297.122
_bPER
_dKWI
245 0 0 _aPertandingan membaca Al-Quran Negeri Kedah (1974 : AlorSetar)
264 1 _aAlor Setar, Kedah :
_b[publisher not identified] ,
_c1974
300 _c25 cm
336 _2rdacontent
_atext
337 _2rdamedia
_aunmediated
338 _2rdacarrier
_avolume
500 _aBuku cenderamata ; Teks dalam tulisan jawi
650 1 0 _aKoran - Recitation
942 _ddc
_cB
999 _c144847
_d144847